| 000 | 00760cam a22002055a 4500 | ||
|---|---|---|---|
| 001 | L140897 | ||
| 008 | 071017s1920 xxk eng u | ||
| 035 | _a(Sirsi) u140897 | ||
| 041 | 0 | _aeng | |
| 110 | 2 |
_aKnight Frank and Rutley _91990 |
|
| 245 | 0 | 0 | _aLindisfarne Castle, Holy Island [for sale by private treaty] |
| 260 |
_aS.l. _bs.n. _c[1920] |
||
| 300 |
_a55 p. _bill., _c37 cm. |
||
| 340 | _aPrinted | ||
| 351 | _cSingle item | ||
| 500 | _aSales particulars also include a reprint of a book by P. Anderson Graham called 'Lindisfarne or Holy Island : its cathedral, priory and castle, A.D. 635-1920' dated 1920. | ||
| 651 | 4 | _aNorthumberland | |
| 690 | _aPROPERTY-PROPERTY ACQUISITION AND DISPOSAL-ACQUISITION AND DISPOSAL AT AUCTION | ||
| 942 | _n0 | ||
| 999 |
_c116520 _d116520 |
||